Overwatch Characters - Statistics

General Stats
  • This quiz has been taken 1,080 times
    913 since last reset
  • The average score is 20 of 24
Answer Stats
Hint Answer % Correct
Support Mercy
94%
Tank DVA
91%
Attack Genji
91%
Defense Hanzo
91%
Attack Tracer
89%
Support Lucio
88%
Defense Widowmaker
88%
Support Ana
87%
Attack Reaper
86%
Tank Reinhardt
85%
Tank Roadhog
85%
Defense Bastion
84%
Tank Orisa
84%
Attack Soldier 76
84%
Tank Winston
83%
Defense Junkrat
82%
Attack McCree
82%
Support Zenyatta
82%
Attack Sombra
80%
Support Symmetra
80%
Tank Zarya
80%
Defense Mei
79%
Defense Torbjorn
77%
Attack Pharah
76%
No matching quizzes found
Score Distribution
Percent of People with Each Score
Percentile by Number Answered
Your Score History
You have not taken this quiz since the last reset